LEADER 01392dam2-2200469---450 001 990000814320203316 005 20170508105246.0 010 $a88-02-05083-X 035 $a0081432 035 $aUSA010081432 035 $a(ALEPH)000081432USA01 035 $a0081432 100 $a20011220d1996----y0itay01 ba 101 $aita 102 $aIT 105 $a||||||||001yy 200 1 $a<<1 :>> Parte generale e contratti$fFranco Mosconi 205 $aRist. 210 $aTorino$cUTET$dcopyr. 1996 215 $aXIV, 268 p.$d24 cm 300 $aSeguono: Appendici 410 0$12001 454 1$12001 606 $aDiritto internazionale privato 606 $aDiritto internazionale processuale 676 $a340.9$v20 700 1$aMOSCONI,$bFranco$083982 801 0$aIT$bsalbc$gISBD 912 $a990000814320203316 959 $aBK 979 $aPATTY$b90$c20011220$lUSA01$h1104 979 $aPATTY$b90$c20011220$lUSA01$h1108 979 $aPATTY$b90$c20011220$lUSA01$h1117 979 $c20020403$lUSA01$h1727 979 $aPATRY$b90$c20040406$lUSA01$h1656 979 $aDIRCE$b90$c20050707$lUSA01$h1112 979 $aDIRCE$b90$c20050707$lUSA01$h1117 979 $aDIRCE$b90$c20060707$lUSA01$h1303 979 $aCHIARA$b90$c20161215$lUSA01$h1511 979 $aCHIARA$b90$c20161216$lUSA01$h0959 996 $aParte generale e contratti$9966702 997 $aUNISA LEADER 01296nam 2200385 450 001 000007257 005 20050718115200.0 010 $a2-204-04857-7 100 $a20010205d1993----km-y0itay0103----ba 101 0 $afre 102 $aFR 200 1 $aSatire des philosophes paiens$fHermias$gintroduction, texte critique, notes, appendices et inxdex par R.P.C.Hanson , traduction française par Denise Joussot 210 $aParis$c<> editions du cerf$d1993 215 $a148 p.$d19 cm. 225 1 $aSources Chrétiennes$v388 300 $aTesto greco a fronte 676 $a182.4$v(20. ed.)$9Filosofie greche presocratiche. Eraclitea 676 $a887$v(20. ed. )$9Satira e umorismo greco classico 700 0$aHermias$0288204 702 1$aHanson,$bRichard P. C. 702 1$aJoussot,$bDenise 801 0$aIT$bUniversità della Basilicata - B.I.A.$gRICA$2unimarc 912 $a000007257 996 $aIrrisio gentilium philosophorum$921623 997 $aUNIBAS BAS $aMONLET BAS $aMONOGR BAS $aLETTERE CAT $aLOTANO$b01$c20010205$lBAS01$h1658 CAT $c20050601$lBAS01$h1754 CAT $abatch$b01$c20050718$lBAS01$h1049 CAT $c20050718$lBAS01$h1108 CAT $c20050718$lBAS01$h1138 CAT $c20050718$lBAS01$h1152 FMT